| 000 | 00687cam a22002533a 4500 | ||
|---|---|---|---|
| 001 | 17224 | ||
| 003 | PGUSA | ||
| 005 | 20140828083352.0 | ||
| 008 | 051204s2005||||xxu|||||s|||||000 | eng d | ||
| 040 |
_aPGUSA _beng |
||
| 042 | _adc | ||
| 050 | 4 | _aHV | |
| 050 | 4 | _aGV | |
| 100 | 1 |
_aProctor, Richard A. _q(Richard Anthony), _d1837-1888 |
|
| 245 | 1 | 0 |
_aChance and Luck _h[electronic resource] / _cRichard A. Proctor |
| 260 |
_bProject Gutenberg, _c2005 |
||
| 506 | _aPublic domain in the USA. | ||
| 516 | _aElectronic text | ||
| 653 | _aProbabilities | ||
| 653 | _aGambling | ||
| 830 | 0 |
_aProject Gutenberg _v17224 |
|
| 856 | 4 | 0 | _uhttp://www.gutenberg.org/ebooks/17224 |
| 942 | _cEB | ||
| 999 |
_c246479 _d246479 |
||